Model usporiadania organizácie a riadenia skladového hospodárstva hotových výrobkov v a.s. Považské strojárne Manet, Považská Bystrica : Diplomová práca

Uložené v:
Podrobná bibliografia
Hlavný autor: Kalás, Emil (Autor)
Ďalší autori: Burcl, Rudolf, 1933- (xxx)
Médium: Rukopis Kniha
Jazyk:Slovak
Vydavateľské údaje: Trnava : STU v Bratislave MtF KMK, 1998
Predmet:
Tagy: Pridať tag
Žiadne tagy, Buďte prvý, kto otaguje tento záznam!

MARC

LEADER 00000ntm a22000003a 4500
001 stu56380
005 20160719155200.5
008 010201s1998----xo------------------slo-d
040 |a STU  |b slo 
041 0 |a slo 
044 |a xo 
100 1 |a Kalás, Emil  |4 aut 
245 1 |a Model usporiadania organizácie a riadenia skladového hospodárstva hotových výrobkov v a.s. Považské strojárne Manet, Považská Bystrica :  |b Diplomová práca 
260 |a Trnava :  |b STU v Bratislave MtF KMK,  |c 1998 
300 |a 105 s  |c výťah 
650 7 |a hospodárstvo skladové  |2 stusub 
650 7 |a manažment priemyselných podnikov  |2 stusub 
700 1 |a Burcl, Rudolf,  |d 1933-  |4 xxx  |u M190  |U MTF Materiálovotechnologická fakulta  |T MTF Katedra priemyselného inžinierstva a manažmentu  |X 1534  |U M190  |Y 167  |7 A000001534 
996 |b 284M023718  |c M*DP-500  |l MMSKP  |s P  |a 0  |w stu56380_0001